HERBICIDES UTILIZATION ON DRY SEASON RICE BY FARMER IN MOUNG RUESSEI DISTRICT BATTAMBANG PROVINCE,ការប្រើប្រាស់ថ្នាំសម្លាប់ស្មៅចង្រៃលើដំណាំស្រូវប្រាំងរបស់កសិករនៅស្រុកមោងឫស្សី ខេត្តបាត់ដំបង (Record no. 24731)

000 -LEADER
fixed length control field 00747nam a22001337a 4500
040 ## - CATALOGING SOURCE
Transcribing agency RUA
082 ## - DEWEY DECIMAL CLASSIFICATION NUMBER
Classification number AGR PHA 2024 B1-406 Or.
100 ## - MAIN ENTRY--AUTHOR NAME
Personal name PHAT SAMNANG,ផាត សំណាង
245 ## - TITLE STATEMENT
Title HERBICIDES UTILIZATION ON DRY SEASON RICE BY FARMER IN MOUNG RUESSEI DISTRICT BATTAMBANG PROVINCE,ការប្រើប្រាស់ថ្នាំសម្លាប់ស្មៅចង្រៃលើដំណាំស្រូវប្រាំងរបស់កសិករនៅស្រុកមោងឫស្សី ខេត្តបាត់ដំបង
260 ## - PUBLICATION, DISTRIBUTION, ETC. (IMPRINT)
Place of publication phnom penh
Name of publisher rua
Year of publication 2024
300 ## - PHYSICAL DESCRIPTION
Number of Pages ix.38p.
Other physical details ill.
Dimensions 29cm.
856 ## - ELECTRONIC LOCATION AND ACCESS
Uniform Resource Identifier https://drive.google.com/file/d/1gLCTwpoD3Ls9ZY8OHLxVcRMt9kt6DrEq/view?usp=sharing
942 ## - ADDED ENTRY ELEMENTS (KOHA)
Koha item type AGR
952 ## - LOCATION AND ITEM INFORMATION (KOHA)
Withdrawn status [LOCAL, KOHA] 0
952 ## - LOCATION AND ITEM INFORMATION (KOHA)
Withdrawn status [LOCAL, KOHA] 0
Holdings
Permanent Location Date acquired Koha item type Lost status Shelving location Barcode Current Location Full call number
Library Block B2025-04-28AGR B1.406a082880Library Block BAGR PHA 2024 B1-406 Or.
Library Block B2025-04-28AGR B1.406a083067Library Block BAGR PHA 2024 B1-406 Or.
មជ្ឈមណ្ឌលឯការនៃសាកលវិទ្យាល័យភូមិន្ទកសិកម្មចំការដូង

Powered by Koha